| 000 | 00455cam a2200181ua 4500 | ||
|---|---|---|---|
| 001 | 3785 | ||
| 008 | 111213n ii |||gr||||Z||||||asm | ||
| 040 | _cMAIN | ||
| 082 | _a891.4514 | ||
| 100 | _aGoswami, Upendra Nath, | ||
| 245 | 1 | 1 |
_aBhasa aru sahitya _cby Upendra Nath Goswami |
| 250 | _a4th. | ||
| 260 |
_aGuwahati: _bMani Manik Prakash,985. |
||
| 300 |
_a265p: _c23cm. |
||
| 653 | _aAssamese literature | ||
| 653 | _aBhasa aru sahitya | ||
| 942 | _cBK | ||
| 999 |
_c3611 _d3611 |
||